[Event "Bogota rapid op"]
[White "Gomez Becerra, Lorenzo"]
[Black "Salcedo Carrillo, Camilo Steven"]
[Site "Bogota"]
[Round "2"]
[Result "0-1"]
[Date "2024.09.01"]
[WhiteElo "1643"]
[BlackElo "1850"]
[PlyCount "76"]
[EventDate "2024.09.01"]
[EventType "swiss (rapid)"]
[EventRounds "7"]
[EventCountry "COL"]
[SourceTitle "EXT 2025"]
[Source "ChessBase"]
[SourceDate "2024.10.14"]
[SourceVersion "1"]
[SourceVersionDate "2024.10.14"]
[SourceQuality "1"]

1. d4 d5 2. Nf3 Nf6 3. g3 e6 4. Bg2 Be7 5. 0-0 0-0 6. c4 c6 7. Nc3 b6 8. Bf4 Bb7 9. Nd2 Nbd7 10. e4 dxe4 11. Ndxe4 Nxe4 12. Bxe4 Nf6 13. Bg2 Qd7 14. Qd2 Rfd8 15. Rad1 a5 16. Qd3 h6 17. Be5 Ng4 18. Bf4 e5 19. Be3 Nxe3 20. fxe3 exd4 21. exd4 Bc5 22. Ne2 Bf8 23. a4 Re8 24. Nc3 Rad8 25. d5 Bc5+ 26. Kh1 Re3 27. Qd2 Ba6 28. dxc6 Qxd2 29. Rxd2 Rxd2 30. Bd5 Re7 31. Ne4 Rxb2 32. Nxc5 bxc5 33. Rd1 Rbe2 34. h3 Re1+ 35. Kg2 Rxd1 36. Kf3 Rd3+ 37. Kf4 Bc8 38. g4 g5# 0-1

[Event "Bogota Empresas op"]
[White "Salcedo Carrillo, Camilo Steven"]
[Black "Marz, Peter"]
[Site "Bogota"]
[Round "6"]
[Result "1-0"]
[Date "2024.05.19"]
[WhiteElo "1835"]
[BlackElo "1713"]
[PlyCount "95"]
[EventDate "2024.05.19"]
[EventType "swiss"]
[EventRounds "7"]
[EventCountry "COL"]
[SourceTitle "CBM 220 Extra"]
[Source "ChessBase"]
[SourceDate "2024.07.31"]
[SourceVersion "1"]
[SourceVersionDate "2024.07.31"]
[SourceQuality "1"]

1. d4 Nf6 2. Nf3 d5 3. e3 Bf5 4. Bd3 Bxd3 5. Qxd3 c6 6. Nbd2 e6 7. c3 Bd6 8. Ne5 Nbd7 9. f4 a6 10. 0-0 c5 11. Rf3 cxd4 12. exd4 b5 13. h3 Nb6 14. b3 Qc7 15. Bb2 Rc8 16. Re1 0-0 17. g4 Bxe5 18. fxe5 Nfd7 19. g5 Qd8 20. h4 Rc6 21. Ref1 Qe7 22. R1f2 Rcc8 23. Nf1 b4 24. cxb4 Qxb4 25. Ne3 Rc7 26. Ng4 Nb8 27. Rg3 Qe1+ 28. Kg2 Qe4+ 29. Qxe4 dxe4 30. Re3 Nd5 31. Rxe4 Rfc8 32. Ree2 Nd7 33. h5 Nb4 34. h6 Rc2 35. a3 Rxe2 36. Rxe2 Rc2 37. Rxc2 Nxc2 38. Kf2 gxh6 39. gxh6 f5 40. exf6 Kf7 41. Ke2 Nxf6 42. Nxf6 Kxf6 43. Kd2 Nxd4 44. Bxd4+ Kg6 45. Bg7 Kf5 46. Ke3 e5 47. b4 Ke6 48. Ke4 1-0

[Event "Bogota Centro Comercial op 2nd"]
[White "Silva, Jorge"]
[Black "Salcedo Carrillo, Camilo Steven"]
[Site "Bogota"]
[Round "7"]
[Result "1-0"]
[Date "2024.04.14"]
[WhiteElo "1974"]
[BlackElo "1842"]
[PlyCount "65"]
[EventDate "2024.04.14"]
[EventType "swiss"]
[EventRounds "7"]
[EventCountry "COL"]
[SourceTitle "CBM 219 Extra"]
[Source "ChessBase"]
[SourceDate "2024.05.31"]
[SourceVersion "1"]
[SourceVersionDate "2024.05.31"]
[SourceQuality "1"]

1. e4 c5 2. Nf3 e6 3. b4 b6 4. bxc5 bxc5 5. c3 Bb7 6. Bd3 Qc7 7. 0-0 Nc6 8. Qe2 Nf6 9. Na3 a6 10. Rb1 Be7 11. Nc4 0-0 12. Nb6 Ra7 13. e5 Ng4 14. Re1 f5 15. h3 Nh6 16. Bc2 Nb4 17. cxb4 Qxb6 18. bxc5 Qxc5 19. d4 Qc7 20. Bxh6 gxh6 21. Bb3 Ba3 22. Qd2 Bxf3 23. gxf3 f4 24. Re4 Qd8 25. Rxf4 Rxf4 26. Qxf4 Qg5+ 27. Qg4 Rc7 28. f4 Qg6 29. f5 Qxg4+ 30. hxg4 Kf7 31. d5 exd5 32. Bxd5+ Kg7 33. Rb8 1-0